| 000 | 00565nam a2200181Ia 4500 | ||
|---|---|---|---|
| 003 | GCL | ||
| 008 | 140319s9999 xx 000 0 ara d | ||
| 040 |
_aGCL / _cGCL |
||
| 082 | 0 | 4 |
_a252 _bع ط |
| 100 | 1 | _aعبدالوهاب محمد ثروت | |
| 245 | 1 | 0 |
_aطريق النور : دعوة الى النجاه / _cعبدالوهاب محمد ثروت |
| 260 |
_a[S.N] : _bمكتبة التراث الاسلامى |
||
| 300 | _a248 ص | ||
| 490 | _a | ||
| 650 | 0 | 4 | _aالشريعة الاسلامية |
| 650 | 0 | 4 | _aالفقه الاسلامى |
| 942 |
_2ddc _cBK |
||
| 999 |
_c32589 _d32589 |
||